| 000 | 01520nam a22002297a 4500 | ||
|---|---|---|---|
| 003 | 0 | ||
| 005 | 20240919093346.0 | ||
| 008 | 240919b xxu||||| |||| 00| 0 eng d | ||
| 020 | _a9781032191775 | ||
| 050 |
_aPN 4784 _b.N49 2023 |
||
| 245 |
_aNews quality in the digital age / _cedited by Regina G. Lawrence and Philip M. Napoli. |
||
| 260 |
_aNew York, NY : _bRoutledge, _c2023. |
||
| 300 |
_axvii, 216 p. : _bill. ; _c23 cm. |
||
| 504 | _aIncludes bibliographical references and index. | ||
| 520 | _a"This book brings together a diverse, international array of contributors to explore the topics of news "quality" in the online age and the relationships between news organizations and enormously influential digital platforms such as Facebook, Google, and Twitter. Covering topics ranging from internet incivility, crowdsourcing, and YouTube politics to regulations, algorithms, and AI, this book draws the key distinction between the news that facilitates democracy from news that undermines it. For students and scholars as well as journalists, policymakers, and media commentators, this important work engages a wide range of methodological and theoretical perspectives to define the key concept of "quality" in the news media"-- Provided by publisher. | ||
| 650 |
_aOnline journalism _xObjectivity. |
||
| 650 |
_aOnline journalism _xPolitical aspects. |
||
| 650 | _aSocial media and journalism. | ||
| 700 |
_aLawrence, Regina G., _d1961- _eeditor. |
||
| 700 |
_aNapoli, Philip M., _eeditor. |
||
| 942 |
_2lcc _cBK |
||
| 999 |
_c366256 _d366256 |
||